Justicia restaurativa desde la criminologa̕ mapas para un viaje inicial /

Bibliographic Details
Main Author: de Figueiredo Corrå da Veiga, Mauricio
Format: eBook
Language:Spanish
Published: Madrid: Dykinson, 2018
Subjects:
Online Access:Acceso restringido

MARC

LEADER 00000nam a22000007a 4500
005 20190402232150.0
007 cr|||| ||||
008 190402s2018 es |||||s|||| 00||0 spa d
020 |a 978-84-9148-893-4 
035 |a 22994 
040 |a vLex 
090 |c 8550  |d 8550 
100 1 |a de Figueiredo Corrå da Veiga, Mauricio 
245 1 0 |a Justicia restaurativa desde la criminologa̕  |h [Recurso electrn̤ico] :  |b mapas para un viaje inicial /  |c Mauricio de Figueiredo Corrå da Veiga 
256 |a Servicio en ln̕ea 
260 |a Madrid:  |b Dykinson,  |c 2018 
300 |a 1 recurso electrn̤ico 
500 |a Desde su surgimiento, en la dčada de los setenta, la justicia restaurativa se presenta como un conjunto de principios y prc̀ticas, nacidos de la experiencia crt̕ica respecto del impacto de la justicia penal actual sobre las personas afectadas por ella: vc̕timas, detenidos/investigados/ condenados, operadores jurd̕icos y sociedad en general. Diferentes organismos internacionales han ido construyendo un corpus normativo sobre su aplicacin̤. En el caso espaǫl, por transposicin̤ de la normativa de la Unin̤ Europea, la mencin̤ expresa, jurd̕icamente vinculante, se encuentra en el artc̕ulo 15 de la Ley 4/2015, de 27 de abril, del Estatuto de la vc̕tima del delito. En ese artc̕ulo se habla de igualdad y requisitos para el acceso a la justicia restaurativa, as ̕como de los principios de un procedimiento que va mucho ms̀ all ̀de la mediacin̤. Con este texto se quiere introducir, de un modo sencillo pero sin perder profundidad, a dichos principios y prc̀ticas desde una perspectiva interdisciplinar, propia de la Criminologa̕. Para ello se proporcionan al lector algunos “mapas” actualizados, a modo de gua̕ en forma de conceptos clave, para explorar territorios que no son campos cerrados de conocimiento y prc̀tica, sino que se encuentran, ms̀ bien, en pleno desarrollo ter̤ico y profesional, despertando un gran interš social. 
506 1 |a Disponible solo en los productos indicados  |d vLex Global  |d vLex Global (Academic Edition, excluding Law Schools)  |d vLex Global (U.S. Academic Edition, Law Schools)  |d vLex Global (U.S. Academic Edition, excluding Law Schools)  |d vLex Global (Academic Edition, Law Schools) 
650 0 4 |a Derecho Penal  |z Espaą 
650 0 4 |a Derecho Fiscal  |z Espaą 
650 0 4 |a Derecho Laboral y Seguridad Social  |z Espaą 
650 0 4 |a Derecho Civil  |z Espaą 
650 0 4 |a Derecho Constitucional  |z Espaą 
740 0 |a vLex Libros (Servicio en ln̕ea) 
856 4 0 |u http://vlex.com/source/justicia-restaurativa-desde-la-criminologia-mapas-para-un-viaje-inicial-22994  |z Acceso restringido 
942 |c BOOK 
999 0 |a Criminal Law 
999 0 |a Tax Law 
999 0 |a Labor Law and Social Security 
999 0 |a Civil Law 
999 0 |a Constitutional Law